|
|
|
|
| LEADER |
00000nam a2200000 4500 |
| 001 |
vtls012077473 |
| 003 |
SK-MaSNL |
| 005 |
20260301230757.0 |
| 008 |
251112s1482 gw 001 0 lat |
| 015 |
|
|
|a SNBHFA
|
| 038 |
|
|
|a SNKHF
|
| 040 |
|
|
|a SNK
|b slo
|c SNK
|e rda
|
| 041 |
0 |
|
|a lat
|
| 044 |
|
|
|a gw
|c DE
|
| 072 |
|
7 |
|a 27
|x Kresťanstvo. Kresťanská cirkev všeobecne. Ekleziológia
|2 konspekt
|
| 080 |
|
|
|a 27-36
|2 2011
|
| 080 |
|
|
|a 2-528
|2 2011
|
| 100 |
0 |
|
|a Jacobus de Voragine,
|d 1228-1298
|4 aut
|9 331331
|
| 245 |
1 |
0 |
|a [Legenda aurea sanctorum, sive Lombardica historia]
|
| 264 |
|
1 |
|a [Norimberg]
|b [Anton Koberger]
|c [Anno salitus Mcccclxxxij. kl. octob. (1.10.1482)]
|
| 300 |
|
|
|a 169 zachovnaých fólií
|c 2° (30x22 cm)
|
| 336 |
|
|
|a text
|b txt
|2 rdacontent
|
| 337 |
|
|
|a bez média
|b n
|2 rdamedia
|
| 338 |
|
|
|a zväzok
|b nc
|2 rdacarier
|
| 510 |
4 |
|
|a Kotvan
|c 683
|
| 510 |
4 |
|
|a Kotvan - Frimmová
|c 269
|
| 510 |
4 |
|
|a ISTC
|c ij00103000
|
| 510 |
4 |
|
|a GW
|c M11246
|
| 546 |
|
|
|a Latinčina
|
| 561 |
|
|
|a Proveniencia: Tlač pochádza zo Seminárnej knižnice v Spišskej kapitule, odkiaľ bola do do roku 1975 uložená v Miestnom pracovisku MS v Spišskej Novej Vsi, kde mala signatúru 141.
|5 SNK Inc B 72
|
| 562 |
|
|
|a Defekt: tlač začína na fóliu "XIIII" a končí na fóliu CLXXXII.
|5 SNK Inc B 72
|
| 562 |
|
|
|a Na niektorých miestach iniciálky vpísané atramentom.
|5 SNK Inc B 72
|
| 563 |
|
|
|a Väzba: nová kožená väzba.
|5 SNK Inc B 72
|
| 650 |
0 |
7 |
|a hagiografia
|2 SNKPH
|9 75797
|
| 650 |
0 |
7 |
|a liturgia
|2 SNKPH
|9 1990
|
| 700 |
1 |
|
|a Koberger, Anton,
|d 1440-1513
|4 prt
|9 302123
|
| 710 |
2 |
|
|a Seminárna knižnica - Spišská kapitula (Spišské podhradie, Slovensko)
|4 fmo
|9 338399
|
| 752 |
|
|
|a Nemecko
|d Norimberg
|
| 852 |
|
|
|a snk
|b Historické fondy
|p Inc B 72
|
| 958 |
|
|
|a ONDV
|
| 999 |
|
|
|c 955995
|d 957925
|
| 952 |
|
|
|t Inc B 72
|a SNK
|b SNK
|c SNK_HF
|y PREZ
|7 0
|p 17A1303543
|o snkInc B 72
|i snk1976/1190
|8 5
|0 0
|1 0
|4 0
|d 2021-11-15
|f 1
|l 0
|r 2026-02-24 10:02:58
|w 2026-02-24
|